000 01377cam a22003371i 4500
001 1703257
003 EG-ScBUE
005 20250218104059.0
008 700914t1968 njua f 001 0 eng d
040 _aEG-ScBUE
_beng
_erda
_cEG-ScBUE
_dEG-ScBUE
082 0 4 _a515.8
_222
_bWIL
100 1 _aWilliamson, Richard E.,
_97035
_eauthor.
245 1 0 _aCalculus of vector functions /
_cRichard E. Williamson, Department of Mathematics, Dartmouth College, Richard H. Crowell, Department of Mathematics, Dartmouth College and Hale F. Trotter, Department of Mathematics, Princeton University.
250 _aSecond edition.
264 1 _aEnglewood Cliffs, New Jersey :
_bPrentice-Hall,Inc.,
_c[1968]
264 4 _cc1968
300 _aix, 434 pages :
_billustrations ;
_c24 cm
336 _2rdacontent
_atext
_btxt
337 _aunmediated
_2rdamedia
_bn
338 _avolume
_bnc
_2rdacarrier
500 _aA revision of the first edition of Calculus of vector functions, by R. H. Crowell and R. E. Williamson.
500 _aIncludes index.
500 _aIncludes appendix.
650 7 _aFunctions of real variables.
_97036
_2BUEsh
650 7 _aVector analysis.
_97037
_2BUEsh
650 7 _aVector valued functions.
_97038
_vBUEsh
655 _vReading book
700 1 _aCrowell, Richard H.,
_eauthor.
_97039
700 1 _aTrotter, Hale F.,
_eauthor.
_97040
942 _2ddc
_cBB
999 _c12060
_d12060